000 00520nam a2200181 a 4500
001 4730
003 CO-ViMGA
008 141112s2004 ck r 000 u spa d
020 _a9581701621
040 _aCO-ViMGA
_bspa
_cCO-ViMGA
082 0 4 _a325c R615
100 1 _aRobledo Castillo, Jorge Enrique
_92866
245 1 0 _aLa ciudad en la colonización antioqueña :
_bmanizales
260 _aBogotá :
_bUniversidad Nacional,
_c1996
300 _a242 p : il
650 1 4 _aCOLONIZACION ANTIOQUEÑA
_92867
942 _2ddc
_cBK
999 _c16739
_d16739